| 000 | 00451nam a22001697a 4500 | ||
|---|---|---|---|
| 003 | OSt | ||
| 005 | 20250624221111.0 | ||
| 008 | 250624b |||||||| |||| 00| 0 eng d | ||
| 040 | _cDLC | ||
| 100 | _aHart, H. L. A. | ||
| 245 | _aLaw, Liberty and Morality | ||
| 260 |
_aStandford ; _bStandford University Press _cc1963 |
||
| 300 | _aiii, 88 pages | ||
| 500 | _aIncludes Index, Selected Bibliography | ||
| 600 | _2Law of Morality | ||
| 942 |
_2lcc _cBK _n0 |
||
| 999 |
_c6654 _d6654 |
||